Les meilleurs buteurs de la tête en club (Football) - Statistiques

Statistiques générales
  • Ce quiz a été pris 69 fois
  • Le résultat moyen est 6 sur 10
Statistiques - réponses
Classement Nationalité Nombre de buts de la tête Joueurs % Correct
1 Portugal 124 buts Cristiano Ronaldo
98%
3 Pologne 96 buts Robert Lewandowski
95%
4 Angleterre 78 buts Harry Kane
89%
8 France 66 buts Olivier Giroud
89%
9 Bosnie 66 buts Edin Dzeko
70%
6 Colombie 72 buts Radamel Falcao
59%
10 France 65 buts Karim Benzema
53%
2 Pays-Bas 107 buts Luuk de Jong
19%
5 Espagne 77 buts Fernando Llorente
8%
7 Pays-Bas 68 buts Bas Dost
3%
Aucun quiz correspondant
Distribution des résultats
% des personnes avec chaque résultat
Percentile par nombre de réponses
Votre historique - résultats
Vous n’avez pas pris ce quiz